| 000 | 00391nam a22001457a 4500 | ||
|---|---|---|---|
| 003 | macl | ||
| 005 | 20171124132030.0 | ||
| 008 | 171124b xxu||||| |||| 00| 0 eng d | ||
| 040 | _cmacl | ||
| 100 |
_aJai, Janak Raj _969507 |
||
| 245 | _aPresident of india on Emergency 1975 1977 | ||
| 260 |
_aNew Delhi _bUniversal Law Publishing _c2016 |
||
| 650 |
_aPolitical _969508 |
||
| 942 |
_2ddc _cBK |
||
| 999 |
_c57172 _d57172 |
||